000 00729nam a2200205Ia 4500
999 _c39322
_d39322
001 5908
003 GE_BSU
005 20190821120926.0
008 181216s1986||||ge |||||||||||||| ||geo||
040 _cGE_BSU
041 _ageo
080 _a821.353.1-1 ა-13
100 _aაბაშიძე, გრიგოლ
_91383
245 _aლექსები /
_cგრიგოლ აბაშიძე ; რედ. თ. აბულაძე.
264 _aთბილისი :
_bსაბჭოთა საქართველო ;
_c1986.
300 _a103 გვ. ;
_c15 სმ.
653 _aლექსები
700 _aაბულაძე, თ.
_eრედაქტორი
_93718
942 _cBK
_2udc